JNU Stories (Record no. 13841)

MARC details
000 -LEADER
fixed length control field 00461nam a22001937a 4500
003 - CONTROL NUMBER IDENTIFIER
control field OSt
008 - FIXED-LENGTH DATA ELEMENTS--GENERAL INFORMATION
fixed length control field 260220b |||||||| |||| 00| 0 eng d
020 ## - INTERNATIONAL STANDARD BOOK NUMBER
International Standard Book Number 9788194874195
082 ## - DEWEY DECIMAL CLASSIFICATION NUMBER
Classification number 378.954 BHJ
100 ## - MAIN ENTRY--PERSONAL NAME
Personal name BHATTACHARYA,Neeladri
245 ## - TITLE STATEMENT
Title JNU Stories
250 ## - EDITION STATEMENT
Edition statement 1st Ed
260 ## - PUBLICATION, DISTRIBUTION, ETC. (IMPRINT)
Place of publication, distribution, etc New Delhi
Name of publisher, distributor, etc Aleph Book Company
Date of publication, distribution, etc 2020
300 ## - PHYSICAL DESCRIPTION
Extent 467p
700 ## - ADDED ENTRY--PERSONAL NAME
Personal name CHAKRABARTI,Kunal
700 ## - ADDED ENTRY--PERSONAL NAME
Personal name GUNASEKARAN,S
700 ## - ADDED ENTRY--PERSONAL NAME
Personal name NAIR,Janaki
942 ## - ADDED ENTRY ELEMENTS (KOHA)
Source of classification or shelving scheme Dewey Decimal Classification
Koha item type Reference Books
Holdings
Withdrawn status Lost status Source of classification or shelving scheme Damaged status Not for loan Collection code Home library Current library Date acquired Source of acquisition Currency Cost, normal purchase price Bill Number Total Checkouts Full call number Acc. no. / Barcode Date last seen Actual Cost, discounted price Bill Date Koha item type Public note
    Dewey Decimal Classification     GENERAL PIET C-LIBRARY PIET C-LIBRARY 21/07/2025 Mehul Book Sales INR 999.00 MI/1784   378.954 BHJ 39878 20/02/2026 799.00 21/07/2025 Reference Books Decentrilization

Design & Developed by: PIET Central Library
R70 Miles Stone Pattikalyana Samalkha Panipat 132102
mail ID :- [email protected], Phone No:- 0180-2569700 Ex.216